New arson control website (Record no. 71373)

MARC details
000 -LEADER
fixed length control field 00843cam a2200205 4500
001 - CONTROL NUMBER
control field WB3838-10
008 - FIXED-LENGTH DATA ELEMENTS--GENERAL INFORMATION
fixed length control field 021017n2002 000 0 eng u
035 ## - SYSTEM CONTROL NUMBER
System control number (Sirsi) u120131
245 ## - TITLE STATEMENT
Title New arson control website
260 ## - PUBLICATION, DISTRIBUTION, ETC.
Date of publication, distribution, etc. 2002
490 ## - SERIES STATEMENT
Series statement ODPM News Release
Volume/sequential designation (097) 16 October 2002, (2)
520 ## - SUMMARY, ETC.
Summary, etc. The government-sponsored Arson Control Forum has launched a new website offering comprehensive information and advice on all aspects of the control of deliberate fire-setting. Arson in England and Wales costs £2.1bn a year. The website is at http://www.arsoncontrolforum.gov.uk/ http://www.odpm.gov.uk/news/0210/0097.htm
590 ## - LOCAL NOTE (RLIN)
Local note WB
650 ## - SUBJECT ADDED ENTRY--TOPICAL TERM
Topical term or geographic name entry element ARSON
650 ## - SUBJECT ADDED ENTRY--TOPICAL TERM
Topical term or geographic name entry element FIRE CONTROL
650 ## - SUBJECT ADDED ENTRY--TOPICAL TERM
Topical term or geographic name entry element MANAGEMENT-HEALTH AND SAFETY-FIRE SAFETY
650 ## - SUBJECT ADDED ENTRY--TOPICAL TERM
Topical term or geographic name entry element FIRE MANAGEMENT
690 ## - LOCAL SUBJECT ADDED ENTRY--TOPICAL TERM (OCLC, RLIN)
Topical term or geographic name as entry element Health and safety
9 (RLIN) 6244
942 ## - ADDED ENTRY ELEMENTS (KOHA)
Suppress in OPAC 0
Holdings
Withdrawn status Lost status Source of classification or shelving scheme Damaged status Not for loan Home library Current library Shelving location Date acquired Total Checkouts Full call number Barcode Date last seen Copy number Price effective from Koha item type
    Dewey Decimal Classification     London London News article 17/10/2002   WB3838-10 120131-1001 06/08/2019 1 06/08/2019 News article